Sports Quiz

Random Sports or NFL Quiz

NFL 100 Yard Rushers (2012) Quiz Stats

 Plays Quiz Updated Mar 6, 2019

Score 0/123 Timer 07:00
0 Plays Today
Yards Player % Correct
212Adrian Peterson
97%
210Adrian Peterson
97%
182Adrian Peterson
97%
171Adrian Peterson
97%
154Adrian Peterson
97%
153Adrian Peterson
97%
123Adrian Peterson
97%
108Adrian Peterson
97%
102Adrian Peterson
97%
199Adrian Peterson
97%
128Marshawn Lynch
83.6%
124Marshawn Lynch
83.6%
124Marshawn Lynch
83.6%
122Marshawn Lynch
83.6%
118Marshawn Lynch
83.6%
113Marshawn Lynch
83.6%
111Marshawn Lynch
83.6%
105Marshawn Lynch
83.6%
103Marshawn Lynch
83.6%
100Marshawn Lynch
83.6%
195Chris Johnson
83.4%
141Chris Johnson
83.4%
141Chris Johnson
83.4%
126Chris Johnson
83.4%
122Chris Johnson
83.4%
131Frank Gore
82.4%
112Frank Gore
82.4%
106Frank Gore
82.4%
139Steven Jackson
81.1%
101Steven Jackson
81.1%
109Fred Jackson
80.9%
165Arian Foster
80.7%
152Arian Foster
80.7%
111Arian Foster
80.7%
110Arian Foster
80.7%
105Arian Foster
80.7%
102Arian Foster
80.7%
102Arian Foster
80.7%
123LeSean McCoy
77.5%
119LeSean McCoy
77.5%
110LeSean McCoy
77.5%
Yards Player % Correct
172Reggie Bush
77.2%
104Reggie Bush
77.2%
121Ray Rice
75.7%
107Ray Rice
75.7%
102Ray Rice
75.7%
101Ray Rice
75.7%
107Matt Forte
75.3%
103Matt Forte
75.3%
103Matt Forte
75.3%
233Jamaal Charles
74.7%
226Jamaal Charles
74.7%
165Jamaal Charles
74.7%
140Jamaal Charles
74.7%
127Jamaal Charles
74.7%
107Jamaal Charles
74.7%
100Jamaal Charles
74.7%
161Shonn Greene
72.7%
104Shonn Greene
72.7%
251Doug Martin
72.2%
138Doug Martin
72.2%
135Doug Martin
72.2%
128Doug Martin
72.2%
142Doug Martin
72.2%
210DeAngelo Williams
71.5%
129Alfred Morris
70.8%
124Alfred Morris
70.8%
120Alfred Morris
70.8%
115Alfred Morris
70.8%
113Alfred Morris
70.8%
113Alfred Morris
70.8%
200Alfred Morris
70.8%
200Ahmad Bradshaw
67.3%
116Ahmad Bradshaw
67.3%
103Ahmad Bradshaw
67.3%
107Ahmad Bradshaw
67.3%
131DeMarco Murray
67.1%
103Michael Turner
67.1%
102Michael Turner
67.1%
177Maurice Jones-Drew
66.3%
169C.J. Spiller
64.9%
138C.J. Spiller
64.9%
Yards Player % Correct
123C.J. Spiller
64.9%
107C.J. Spiller
64.9%
103C.J. Spiller
64.9%
114Darren McFadden
63.7%
113Darren McFadden
63.7%
110Darren McFadden
63.7%
178Bryce Brown
62.3%
169Bryce Brown
62.3%
113Andre Brown
62.2%
122Trent Richardson
62%
109Trent Richardson
62%
105Trent Richardson
62%
151Stevan Ridley
61.9%
127Stevan Ridley
61.9%
125Stevan Ridley
61.9%
106Stevan Ridley
61.9%
129BenJarvus Green-Ellis
60.8%
118BenJarvus Green-Ellis
60.8%
106BenJarvus Green-Ellis
60.8%
101BenJarvus Green-Ellis
60.8%
138Robert Griffin III
58.8%
119Knowshon Moreno
57.2%
118Knowshon Moreno
57.2%
100David Wilson
56%
116Cam Newton
53.9%
110Pierre Thomas
52.6%
122Willis McGahee
52.3%
113Willis McGahee
52.3%
112Willis McGahee
52.3%
101Peyton Hillis
33.3%
100Mikel Leshoure
31.6%
105Vick Ballard
30.2%
122Jonathan Dwyer
29.3%
107Jonathan Dwyer
29.3%
147Isaac Redman
26.3%
127LaRod Stephens-Howling
19.5%
104LaRod Stephens-Howling
19.5%
123Bernard Pierce
19.5%
103Marcel Reece
13.8%
137Brandon Bolden
13.5%
108Robert Turbin
10.2%

You're not logged in!

Compare scores with friends on all Sporcle quizzes.
OR
Log In

You Might Also Like...

Show Comments

Extras

Top Quizzes Today


Score Distribution

Your Account Isn't Verified!

In order to create a playlist on Sporcle, you need to verify the email address you used during registration. Go to your Sporcle Settings to finish the process.

Report this User

Report this user for behavior that violates our Community Guidelines.

Details: